| 000 | 00391cam a2200169 4500 | ||
|---|---|---|---|
| 001 | D12419 | ||
| 008 | 090401t1950 xxu||||| |||| 00| 0 eng d | ||
| 035 | _a(Sirsi) u3371 | ||
| 041 | _aeng | ||
| 100 | _aClendinning, James | ||
| 245 | 4 | _aThe principles of surveying | |
| 260 |
_aLondon _bBlackie and Son _c1950 |
||
| 350 | _a0 | ||
| 520 | _aShelf 152 | ||
| 942 | _n0 | ||
| 948 | _c04/03/1997 | ||
| 999 |
_c85874 _d85874 |
||